The essential mystery: (Record no. 34934)
[ view plain ]
| 000 -LEADER | |
|---|---|
| fixed length control field | 02833nam a22003497a 4500 |
| 005 - DATE AND TIME OF LATEST TRANSACTION | |
| control field | 20100806140842.0 |
| 010 ## - LCCN (DPL NO) | |
| LC control number | B-408281-291 |
| 020 ## - INTERNATIONAL STANDARD BOOK NUMBER | |
| International Standard Book Number | 9788125037750 |
| Terms of availability | 695.00 |
| 035 ## - SYSTEM CONTROL NUMBER | |
| System control number | B-408281-291 |
| 037 ## - SOURCE OF ACQUISITION | |
| Source of stock number/acquisition | Aakar Books |
| 082 ## - DEWEY DECIMAL CLASSIFICATION NUMBER | |
| Classification number | 791.4360954 |
| 100 ## - MAIN ENTRY--PERSONAL NAME | |
| Personal name | Hood, John W. |
| 245 ## - TITLE STATEMENT | |
| Title | The essential mystery: |
| Remainder of title | major filmmakers of Indian art cinema / |
| Statement of responsibility, etc | by John W. Hood |
| 250 ## - EDITION STATEMENT | |
| Edition statement | 2nd rev. and enl.ed. |
| 260 ## - PUBLICATION, DISTRIBUTION, ETC. (IMPRINT) | |
| Place of publication, distribution, etc | New Delhi |
| Name of publisher, distributor, etc | Orient Blackswan |
| Date of publication, distribution, etc | 2009 |
| 270 ## - ADDRESS | |
| Address | 1/24, Asaf Ali Road, |
| City | New Delhi |
| Postal code | 110002 |
| 300 ## - PHYSICAL DESCRIPTION | |
| Extent | x, 631p. |
| Dimensions | 23cm(pbk) |
| 500 ## - GENERAL NOTE | |
| General note | Includes index |
| 942 ## - ADDED ENTRY ELEMENTS (KOHA) | |
| Source of classification or shelving scheme | Dewey Decimal Classification |
| Item type | English Books |
| Call number suffix | HOO |
| Classification part | 791.4360954 |
| Withdrawn status | Lost status | Not for loan | Collection code | Home library | Current library | Date acquired | Source of acquisition | Cost, normal purchase price | Full call number | Barcode | Copy number | Cost, replacement price | Koha item type |
|---|---|---|---|---|---|---|---|---|---|---|---|---|---|
| Non-fiction | Bawana | Bawana | 06/08/2010 | Aakar Books/I-144/2.6.10/1/20.5.10/11.6.10 | 695.00 | 791.4360954 HOO | B-408290 | 1 | 695.00 | English Books | |||
| Non-fiction | Central Library | Central Library | 06/08/2010 | Aakar Books/I-144/2.6.10/1/20.5.10/11.6.10 | 695.00 | 791.4360954 HOO | B-408281 | 1 | 695.00 | English Books | |||
| Not For Loan | Reference | Central Library | Central Library | 06/08/2010 | Aakar Books/I-144/2.6.10/1/20.5.10/11.6.10 | 695.00 | 791.4360954 HOO | B-408282 | 1 | 695.00 | English Books | ||
| Non-fiction | Janak Puri | Janak Puri | 06/08/2010 | Aakar Books/I-144/2.6.10/1/20.5.10/11.6.10 | 695.00 | 791.4360954 HOO | B-408284 | 2 | 695.00 | English Books | |||
| Non-fiction | Janak Puri | Janak Puri | 06/08/2010 | Aakar Books/I-144/2.6.10/1/20.5.10/11.6.10 | 695.00 | 791.4360954 HOO | B-408285 | 2 | 695.00 | English Books | |||
| Non-fiction | Karol Bagh | Karol Bagh | 06/08/2010 | Aakar Books/I-144/2.6.10/1/20.5.10/11.6.10 | 695.00 | 791.4360954 HOO | B-408288 | 1 | 695.00 | English Books | |||
| Non-fiction | Narela | Narela | 06/08/2010 | Aakar Books/I-144/2.6.10/1/20.5.10/11.6.10 | 695.00 | 791.4360954 HOO | B-408289 | 1 | 695.00 | English Books | |||
| Non-fiction | Patel Nagar | Patel Nagar | 06/08/2010 | Aakar Books/I-144/2.6.10/1/20.5.10/11.6.10 | 695.00 | 791.4360954 HOO | B-408283 | 1 | 695.00 | English Books | |||
| Non-fiction | Sarojini Nagar | Sarojini Nagar | 06/08/2010 | Aakar Books/I-144/2.6.10/1/20.5.10/11.6.10 | 695.00 | 791.4360954 HOO | B-408286 | 1 | 695.00 | English Books | |||
| Lost and Paid For | Non-fiction | Shahdara Branch | Shahdara Branch | 06/08/2010 | Aakar Books/I-144/2.6.10/1/20.5.10/11.6.10 | 695.00 | 791.4360954 HOO | B-408291 | 1 | 695.00 | English Books | ||
| Non-fiction | Vinoba Puri | Vinoba Puri | 06/08/2010 | Aakar Books/I-144/2.6.10/1/20.5.10/11.6.10 | 695.00 | 791.4360954 HOO | B-408287 | 1 | 695.00 | English Books |
